Methods for environmental trace analysis / (Record no. 332216)

000 -LEADER
fixed length control field 01470cam a22003254a 4500
001 - CONTROL NUMBER
control field 12875839
003 - CONTROL NUMBER IDENTIFIER
control field NUST
005 - DATE AND TIME OF LATEST TRANSACTION
control field 20171120115824.0
008 - FIXED-LENGTH DATA ELEMENTS--GENERAL INFORMATION
fixed length control field 020730s2003 enka b 001 0 eng
010 ## - LIBRARY OF CONGRESS CONTROL NUMBER
LC control number 2002028083
020 ## - INTERNATIONAL STANDARD BOOK NUMBER
International Standard Book Number 0470844213 (cloth : alk. paper)
020 ## - INTERNATIONAL STANDARD BOOK NUMBER
International Standard Book Number 0470844221 (pbk. : alk. paper)
040 ## - CATALOGING SOURCE
Original cataloging agency DLC
Transcribing agency DLC
Modifying agency DLC
042 ## - AUTHENTICATION CODE
Authentication code pcc
050 00 - LIBRARY OF CONGRESS CALL NUMBER
Classification number TD193
Item number .D43 2003
082 00 - DEWEY DECIMAL CLASSIFICATION NUMBER
Classification number 628.50287 DEA
Edition number 21
100 1# - MAIN ENTRY--PERSONAL NAME
Personal name Dean, John R.
9 (RLIN) 877
245 10 - TITLE STATEMENT
Title Methods for environmental trace analysis /
Statement of responsibility, etc. John R. Dean.
260 ## - PUBLICATION, DISTRIBUTION, ETC.
Place of publication, distribution, etc. Chichester, West Sussex, England ;
-- Hoboken, NJ :
Name of publisher, distributor, etc. Wiley,
Date of publication, distribution, etc. c2003.
300 ## - PHYSICAL DESCRIPTION
Extent xxii, 259 p. :
Other physical details ill. ;
Dimensions 23 cm.
440 #0 - SERIES STATEMENT/ADDED ENTRY--TITLE
Title Analytical techniques in the sciences
9 (RLIN) 1100
500 ## - GENERAL NOTE
General note P.B
504 ## - BIBLIOGRAPHY, ETC. NOTE
Bibliography, etc. note Includes bibliographical references (p. 219-225) and index.
650 #0 - SUBJECT ADDED ENTRY--TOPICAL TERM
Topical term or geographic name entry element Pollutants
General subdivision Analysis.
9 (RLIN) 6546
650 #0 - SUBJECT ADDED ENTRY--TOPICAL TERM
Topical term or geographic name entry element Trace analysis
General subdivision Methodology.
9 (RLIN) 6547
650 #0 - SUBJECT ADDED ENTRY--TOPICAL TERM
Topical term or geographic name entry element Environmental chemistry
General subdivision Methodology.
9 (RLIN) 6548
650 #0 - SUBJECT ADDED ENTRY--TOPICAL TERM
Topical term or geographic name entry element Sampling.
9 (RLIN) 160
856 42 - ELECTRONIC LOCATION AND ACCESS
Materials specified Publisher description
Uniform Resource Identifier <a href="http://www.loc.gov/catdir/description/wiley036/2002028083.html">http://www.loc.gov/catdir/description/wiley036/2002028083.html</a>
856 41 - ELECTRONIC LOCATION AND ACCESS
Materials specified Table of contents
Uniform Resource Identifier <a href="http://www.loc.gov/catdir/toc/wiley031/2002028083.html">http://www.loc.gov/catdir/toc/wiley031/2002028083.html</a>
906 ## - LOCAL DATA ELEMENT F, LDF (RLIN)
a 7
b cbc
c orignew
d 1
e ocip
f 20
g y-gencatlg
942 ## - ADDED ENTRY ELEMENTS (KOHA)
Source of classification or shelving scheme
Koha item type Book
Call number prefix IESE
Holdings
Withdrawn status Lost status Source of classification or shelving scheme Damaged status Not for loan Collection code Permanent Location Current Location Shelving location Date acquired Total Checkouts Full call number Barcode Date last seen Price effective from Koha item type
            Central Library (CL) Central Library (CL) Text Books 11/20/2017   628.50287 DEA IESE-1239 11/20/2017 11/20/2017 Book
            Institute of Environmental Science and Engineering (IESE) Institute of Environmental Science and Engineering (IESE) Text Books 12/21/2017   628.50287 DEA IESE-2295 12/21/2017 12/21/2017 Text Books
            Institute of Environmental Science and Engineering (IESE) Institute of Environmental Science and Engineering (IESE) Text Books 12/21/2017   628.50287 DEA IESE-2296 12/21/2017 12/21/2017 Text Books
            Institute of Environmental Science and Engineering (IESE) Institute of Environmental Science and Engineering (IESE) Text Books 12/21/2017   628.50287 DEA IESE-2297 12/21/2017 12/21/2017 Text Books
            Institute of Environmental Science and Engineering (IESE) Institute of Environmental Science and Engineering (IESE) Text Books 12/21/2017   628.50287 DEA IESE-2298 12/21/2017 12/21/2017 Text Books
            Institute of Environmental Science and Engineering (IESE) Institute of Environmental Science and Engineering (IESE) Text Books 12/21/2017   628.50287 DEA IESE-2299 12/21/2017 12/21/2017 Text Books
© 2023 Central Library, National University of Sciences and Technology. All Rights Reserved.